000 01076nam a2200217 4500
001 174540
003 ES-MaACL
005 20250709063225.0
008 100505s1766 sp p |||| | spa d
080 _a27(460)"00/07"
100 1 _aFlórez, Enrique,
_d1702-1773
_9142679
240 1 0 _aEspaña sagrada
245 1 0 _aEspaña sagrada.
_nTomo VII,
_pLas Iglesias sufraganeas antiguas de Toledo
_b: theatro geographico-historico de la Iglesia de España : origen, divisiones, y limites de todas sus Provincias : antiguedad, traslaciones, y estado antiguo y presente de sus Sillas, en todos los Dominios de España, y Portugal : con varias dissertaciones criticas /
_csu autor Henrique Florez.
250 _aSegunda edición.
260 _aMadrid :
_bpor Antonio Marin,
_c1766.
300 _a[16], 345, [2], 38, [2] p., [1] h. de grab. ;
_c20 cm.
651 4 _aEspaña-
_xHistoria eclesiástica-
_yHasta 414.
_9142692
651 4 _aEspaña-
_xHistoria eclesiástica-
_y414-711.
_9163511
852 4 _aES-MaACL
_jR-1617-69
_x C-16767-818
999 _c174540
_d174540